Quimica inorg nica descriptiva / Geoff Rayner-Canham (Registro nro. 18388)
[ vista simple ]
| 000 -LÍDER | |
|---|---|
| fixed length control field | 00440nam a2200157 4500 |
| 008 - ELEMENTOS DE LONGITUD FIJA -- INFORMACIÓN GENERAL | |
| fixed length control field | 0 2000 0a 000 0Mex |
| 020 ## - NÚMERO INTERNACIONAL NORMALIZADO PARA LIBROS | |
| ISBN | 968-444-385-4 |
| 050 ## - SIGNATURA TOPOGRAFICA DE LA BIBLIOTECA DEL CONGRESO (LC) | |
| Número de Clasificación | QD151.5 R3918 2000 |
| 082 ## - NUMERO DE CLASIFICACION DECIMAL DEWEY | |
| Número de Clasificación | 546 R275q |
| 100 ## - ASIENTO PRINCIPAL--NOMBRE PERSONAL | |
| Nombre personal | Rayner-Canham, Geoff |
| 245 ## - TÍTULO | |
| Título | Quimica inorg nica descriptiva / Geoff Rayner-Canham |
| 250 ## - MENCIÓN DE EDICIÓN | |
| Mención de edición | 2 |
| 260 ## - PUBLICACIÓN, DISTRIBUCIÓN, ETC. (PIE DE IMPRENTA) | |
| Lugar de publicación, distribución, etc. | México : Addison Wesley |
| 300 ## - DESCRIPCIÓN FÍSICA | |
| Extensión | 595 p. / 25 cm. |
| 650 ## - ASIENTO SECUNDARIO DE MATERIA - TERMINO TEMÁTICO | |
| Término temático o nombre geográfico como elemento de entrada | 1.QUIMICA INORGANICA |
| No. biblioteca | No. biblioteca | Número de clasificación | Código de barras/Número de adquisición | Número de copia | Tipo de material |
|---|---|---|---|---|---|
| LUIS G. INCLAN | LUIS G. INCLAN | 546 R275q | 44239 | 1 | Libros |
| LUIS G. INCLAN | LUIS G. INCLAN | 546 R275q | 44240 | 2 | Libros |
| LUIS G. INCLAN | LUIS G. INCLAN | 546 R275q | 46264 | 3 | Libros |
